إريتريا : (رقم التسجيلة. 17749)
[ عرض عادي ]
| 000 -LEADER | |
|---|---|
| fixed length control field | 00608nam a22001937a 4500 |
| 005 - DATE AND TIME OF LATEST TRANSACTION | |
| control field | 20251108164930.0 |
| 008 - FIXED-LENGTH DATA ELEMENTS--GENERAL INFORMATION | |
| fixed length control field | 250721s1989 xx 000 0 ara d |
| 082 14 - DEWEY DECIMAL CLASSIFICATION NUMBER | |
| Classification number | 963.5/غال |
| 100 1# - MAIN ENTRY--PERSONAL NAME | |
| Personal name | عوده، غالي |
| 245 10 - TITLE STATEMENT | |
| Title | إريتريا : |
| Remainder of title | بلاد المسلمين و صراع النفوذ / |
| 264 1# - PRODUCTION, PUBLICATION, DISTRIBUTION, MANUFACTURE, AND COPYRIGHT NOTICE | |
| Place of production, publication, distribution, manufacture | عمان : |
| Name of producer, publisher, distributor, manufacturer | دار البشير للنشر و التوزيع، |
| Date of production, publication, distribution, manufacture, or copyright notice | 1989. |
| 300 ## - PHYSICAL DESCRIPTION | |
| Extent | 56ص |
| 490 0# - SERIES STATEMENT | |
| Series statement | سلسلة و قضايا إسلامية |
| 650 17 - SUBJECT ADDED ENTRY--TOPICAL TERM | |
| Topical term or geographic name as entry element | إريتريا |
| 650 17 - SUBJECT ADDED ENTRY--TOPICAL TERM | |
| Topical term or geographic name as entry element | التاريخ السياسي |
| 650 17 - SUBJECT ADDED ENTRY--TOPICAL TERM | |
| Topical term or geographic name as entry element | إثيوبيا |
| 942 ## - ADDED ENTRY ELEMENTS (KOHA) | |
| Source of classification or shelving scheme | Dewey Decimal Classification |
| Koha item type | كتب |
| حالة السحب | حالة الفقدان | مصدر التصنيف | حالة التلف | غير قابل للإعارة | المكتبة الرئيسية | المكتبة الحالية | موقع الرف | تاريخ التزويد | الرقم المتسلسل | Total Checkouts | رقم الإستدعاء | تاريخ آخر ظهور | تاريخ الفاتورة | نوع المادة (كوها) | الباركود |
|---|---|---|---|---|---|---|---|---|---|---|---|---|---|---|---|
| Dewey Decimal Classification | Unchecked | المكتبة المركزية | المكتبة المركزية | الإعارة | 06/07/2004 | 170051 | 963.5/غال | 28/07/2025 | 06/07/2004 | كتب | |||||
| Dewey Decimal Classification | مكتبة النصر العامة | مكتبة النصر العامة | الإعارة | 17/04/2015 | [ 4842 ] | 963.5/غال | 28/07/2025 | 17/04/2015 | كتب | PLD00384310 |